000 00521nam a22001457a 4500
005 20241212101857.0
008 240924b ||||| |||| 00| 0 eng d
082 _2DPer050 M72 January-March 2018 v. 66 no. 8-10
100 _aAntonio, Billy T.
_eauthor.
_961546
245 _aA gift for mother earth /
_cBilly T. Antonio.
260 _aPhilippines;
_bPublishers Association of the Philippines, Inc.,
_cJune 2018.
300 _aVolume 66, pages 32-33.
700 _aAntonio, Billy T.
_eauthor.
_961546
942 _2ddc
_cPER
999 _c21810
_d21810